Politikfeldanalyse Akteure, Diskurse und Netzwerke in der öffentlichen Politik
Saved in:
| Main Author: | |
|---|---|
| Other Authors: | |
| Format: | Book |
| Language: | German |
| Published: |
Wiesbaden
VS Verlag für Sozialwissenschaften
2006
|
| Series: | Grundwissen Politik
|
| Subjects: | |
| Tags: |
No Tags, Be the first to tag this record!
|
MARC
| LEADER | 00000nam$a2200000$$$4500 | ||
|---|---|---|---|
| 001 | 0114940 | ||
| 005 | 20240226134248.0 | ||
| 020 | |a 978-3-531-14549-5 | ||
| 041 | 0 | |a ger | |
| 044 | |a DE | ||
| 245 | 1 | 0 | |a Politikfeldanalyse |b Akteure, Diskurse und Netzwerke in der öffentlichen Politik |c Volker Schneider, Frank Janning |
| 264 | 1 | |a Wiesbaden |b VS Verlag für Sozialwissenschaften |c 2006 | |
| 300 | |a 242 s. | ||
| 490 | 1 | |a Grundwissen Politik | |
| 830 | 0 | |a Grundwissen Politik | |
| 610 | 2 | 0 | |a politika |
| 610 | 2 | 0 | |a politológia |
| 610 | 2 | 0 | |a rozhodovanie |
| 610 | 2 | 0 | |a analýzy |
| 610 | 2 | 0 | |a výskum |
| 610 | 2 | 0 | |a prognózy |
| 610 | 2 | 0 | |a štúdie prípadové |
| 100 | 1 | |a Schneider, Volker | |
| 700 | 1 | |a Janning, Frank | |